| 000 | 00335nam a2200133Ia 4500 | ||
|---|---|---|---|
| 008 | 231129s1968||||xx |||||||||||||| ||spa|| | ||
| 040 | _bspa | ||
| 082 | _a941.02 C286de | ||
| 100 | _aCarlyle Thomas | ||
| 245 | 0 | _aDe los heroes / Thomas Carlyle. Hombres representativos | |
| 260 | _c1968 | ||
| 264 | _aW.M. Jackson | ||
| 942 |
_2ddc _cBKS |
||
| 999 |
_c8801 _d8801 |
||